书目信息 |
| 题名: |
机械设计手册
|
|
| 作者: | 徐灏 编 | |
| 分册: | 1 | |
| 出版信息: | 北京 机械工业出版社 |
|
| 页数: | 9-191页 | |
| 开本: | 16开 | |
| 丛书名: | ||
| 单 册: | ||
| 中图分类: | TH122-62 | |
| 科图分类: | ||
| 主题词: | 机械设计 | |
| 电子资源: | ||
| ISBN: | 7-111-01754-4 | |
| 000 | 00543nam0 2200205 45 | |
| 001 | 0006191678 | |
| 005 | 20080924145033.29 | |
| 010 | @a7-111-01754-4@d133.00元 | |
| 100 | @a20000619d km y0chiy0120 ea | |
| 101 | 0 | @achi |
| 105 | @a z 000yy | |
| 200 | 1 | @a机械设计手册@Aji xie she ji shou ce@h1@f徐灏编@FXuHao Bian |
| 205 | @a2版 | |
| 210 | @a北京@c机械工业出版社 | |
| 215 | @a9-191页@d16开 | |
| 606 | 0 | @a机械设计 |
| 690 | @aTH122-62@v3 | |
| 701 | 0 | @a徐灏@4编 |
| 801 | @aCN@b@c20080924 | |
| 905 | @dTH122-62@eX138=2:1@b405683-685@f3 | |
| 机械设计手册.1/徐灏编.-2版.-北京:机械工业出版社 |
| 9-191页;16开 |
| ISBN 7-111-01754-4:133.00元 |
| ● |
| 相关链接 |
|
|
|
正题名:机械设计手册
索取号:TH122-62/X138=2:1
 
预约/预借
| 序号 | 登录号 | 条形码 | 馆藏地/架位号 | 状态 | 备注 |
| 1 | 405683 | 204056831 | 自科二线504/504自科库 13排4列1层/ [索取号:TH122-62/X138=2:1] | 在馆 | |
| 2 | 405684 | 204056840 | 自科二线504/504自科库 13排4列1层/ [索取号:TH122-62/X138=2:1] | 在馆 | |
| 3 | 405685 | 204056859 | 自科库501/501自科库 35排1列3层/ [索取号:TH122-62/X138=2:1] | 在馆 |